000 00457nam a2200181Ia 4500
001 18480
005 20260306171633.0
008 260306s9999||||xx |||||||||||||| ||und||
041 _aESP
082 _a658.406
_bE88
100 _aEspinoza Valdés, Germán
_eAUT
245 0 _aInnovación y diseño para la estrategia empresarial
260 _c2016
300 _a222 páginas :
_c24 cm.
650 _aGEN
654 _aCAN
942 _cLIB
_dJUS
_fJUS
_2ddc
_n
999 _c18480
_d18480